[Event "Taastrup Quick Weekend 2nd B"]
[Site "Taastrup"]
[Date "2005.11.12"]
[Round "3"]
[White "Christensen, Michael Baek"]
[Black "Jensen, Jan Kargaard"]
[Result "0-1"]
[WhiteElo "1715"]
[BlackElo "1777"]
[PlyCount "98"]
[EventDate "2005.11.11"]
[EventType "tourn"]
[EventRounds "5"]
[EventCountry "DEN"]
[SourceTitle "EXT 2023"]
[Source "ChessBase"]
[SourceDate "2022.10.05"]
[SourceVersion "1"]
[SourceVersionDate "2022.10.05"]
[SourceQuality "1"]

1. d4 Nf6 2. c4 e6 3. Nc3 Bb4 4. Bf4 0-0 5. Qc2 c5 6. Nf3 Nc6 7. Bd6 Re8 8. Bxc5 Bxc5 9. dxc5 Qa5 10. e3 Qxc5 11. a3 a5 12. Na4 Qa7 13. c5 d5 14. Nb6 Rb8 15. Rd1 Nd7 16. Nxd7 Bxd7 17. Nd4 Nxd4 18. Rxd4 Bc6 19. Rh4 g6 20. g4 d4 21. Rg1 dxe3 22. fxe3 b5 23. Rg3 Kg7 24. Qc3+ f6 25. g5 e5 26. Rgh3 Rh8 27. e4 Qe7 28. gxf6+ Qxf6 29. Be2 Bd7 30. Bg4 Bxg4 31. Rxg4 Rhf8 32. Kd2 Rbd8+ 33. Kc2 Rd4 34. Qxa5 Qf2+ 35. Kb3 Rf3+ 36. Rxf3 Qxf3+ 37. Ka2 Qxg4 38. Qc7+ Qd7 39. Qxe5+ Kf7 40. Qf4+ Ke7 41. Qg5+ Ke8 42. Qe5+ Kd8 43. Qf6+ Kc7 44. Qb6+ Kc8 45. c6 Qf7+ 46. Kb1 Qf1+ 47. Ka2 Qc4+ 48. b3 Rd2+ 49. Ka1 Qf1# 0-1